The new collector´s hand-book of marks and monograms on pottery & porcelain of the renaissance and modern periods (Record no. 2391)

MARC details
000 -CABECERA
campo de control de longitud fija 00781nam a2200229 a 4500
001 - NÚMERO DE CONTROL
campo de control BRCA_2651
005 - FECHA Y HORA DE LA ÚLTIMA TRANSACCIÓN
campo de control 20190320203916.0
008 - DATOS DE LONGITUD FIJA--INFORMACIÓN GENERAL
campo de control de longitud fija 011208s1918----enka---###---#000-0#eng-u
050 #4 - SIGNATURA TOPOGRÁFICA DE LA BIBLIOTECA DEL CONGRESO
Número de clasificación NK4215
Número de documento/Ítem .Ch3 1918
100 1# - ENTRADA PRINCIPAL--NOMBRE DE PERSONA
Nombre de persona Chaffers, William
Fechas asociadas al nombre 1811-1892
9 (RLIN) 7272
245 10 - MENCIÓN DE TÍTULO
Título The new collector´s hand-book of marks and monograms on pottery & porcelain of the renaissance and modern periods
Mención de responsabilidad, etc. William Chaffers.
250 ## - MENCIÓN DE EDICIÓN
Mención de edición New. rev. and considerably aum.
Resto de la mención de edición by Frederick Litchfield.
260 ## - PUBLICACIÓN, DISTRIBUCIÓN, ETC.
Lugar de publicación, distribución, etc. London
Nombre del editor, distribuidor, etc. Reeves & Turner
Fecha de publicación, distribución, etc. 1918
300 ## - DESCRIPCIÓN FÍSICA
Extensión 360 p.
Otras características físicas il.
Dimensiones 20 cm.
500 ## - NOTA GENERAL
Nota general Con mas de 500 marcas.
500 ## - NOTA GENERAL
Nota general Incluye índice analítico.
500 ## - NOTA GENERAL
Nota general A100
650 14 - PUNTO DE ACCESO ADICIONAL DE MATERIA--TÉRMINO DE MATERIA
Término de materia o nombre geográfico como elemento de entrada Marcas de cerámica
9 (RLIN) 7225
700 1# - PUNTO DE ACCESO ADICIONAL--NOMBRE DE PERSONA
Nombre de persona Litchfield, Frederick
9 (RLIN) 7531
902 ## - CATALOGADOR
Iniciales GFM
942 ## - ELEMENTOS DE PUNTO DE ACCESO ADICIONAL (KOHA)
Fuente del sistema de clasificación o colocación Library of Congress Classification
Tipo de ítem Koha Libros
Holdings
Estado de retiro Estado de pérdida Estado dañado No para préstamo Localización permanente Ubicación/localización actual Fecha de adquisición Número de inventario Total de préstamos Signatura topográfica completa Código de barras Fecha visto por última vez Precio válido a partir de Tipo de ítem Koha
El ejemplar forma parte de la colección y puede ser consultado según las políticas vigentes.       Biblioteca del Museo Franz Mayer (Rogerio Casas-Alatriste) Biblioteca del Museo Franz Mayer (Rogerio Casas-Alatriste) 01/12/2008 A100   NK4215 .Ch3 1918 (A100) 2648 22/03/2019 22/03/2019 Libros